Zmenila korona kríza príjmy a zamestnanosť na Slovensku?
Cieľom článku je preskúmať, či slovenskí obyvatelia pocítili zmenu výšky príjmu počas pandémie Covid-19 a či sa v tomto čase obávajú zmeny vo svojom zamestnaní. Na štúdium týchto zmien autori použili sekundárnu analýzu údajov o zamestnanosti a príjmoch na Slovensku a primárny výskum obyvateľov Slove...
Na minha lista:
| Autor principal: | |
|---|---|
| Outros Autores: | , |
| Formato: | Capítulo de Livro |
| Idioma: | eslovaco |
| Assuntos: | |
| Tags: |
Sem tags, seja o primeiro a adicionar uma tag!
|
MARC
| LEADER | 00000naa a2200000 4500 | ||
|---|---|---|---|
| 001 | 0296418 | ||
| 005 | 20230928075959.1 | ||
| 041 | 0 | |a slo | |
| 044 | |a SK | ||
| 245 | 1 | 0 | |a Zmenila korona kríza príjmy a zamestnanosť na Slovensku? |c Lucia Bartková, Lucia Hudáková, Lenka Veselovská |
| 520 | |a Cieľom článku je preskúmať, či slovenskí obyvatelia pocítili zmenu výšky príjmu počas pandémie Covid-19 a či sa v tomto čase obávajú zmeny vo svojom zamestnaní. Na štúdium týchto zmien autori použili sekundárnu analýzu údajov o zamestnanosti a príjmoch na Slovensku a primárny výskum obyvateľov Slovenska. | ||
| 610 | 2 | 0 | |a trh práce |
| 610 | 2 | 0 | |a zamestnanci |
| 610 | 2 | 0 | |a príjmy |
| 610 | 2 | 0 | |a odmeny |
| 610 | 2 | 0 | |a koronakríza |
| 610 | 2 | 0 | |a pandémia |
| 610 | 2 | 0 | |a Slovensko |
| 100 | 1 | |a Bartková, Lucia | |
| 700 | 1 | |a Hudáková, Lucia | |
| 700 | 1 | |a Veselovská, Lenka | |